000 02232nam0a2200373 4500
001 RU\NLR\bibl\1326741
005 20260406071809.0
010 _a978-5-16-002153-9
_93000
021 _aRU
_b2008-100113
_95887
035 _a(NLR Aleph) 001312028
090 _a685588
_c685588
100 _a20090209d2009 |||y0rusy50 ca
101 0 _arus
102 _aRU
105 _aa j |||||
200 1 _aОрганизация производства и управление предприятием
_eучебник
_eдля студентов высших учебных заведений, обучающихся по специальности 060800 "Экономика и управление на предприятии (по отраслям)"
_f[д.э.н., проф. Туровец О.Г., д.э.н., проф. Попов В.Н., к.э.н., доц. Родинов В.Б. и др.]
_gпод ред. О.Г. Туровца
205 _a2-е изд.
210 _aМосква
_cИНФРА-М
_d2009
215 _a544 с.
_cил.
_d22
225 1 _aВысшее образование
300 _aАвт. указаны на 3-й с.
320 _aБиблиогр.: с. 538-540
606 1 _aПромышленные предприятия
_jУчебники для высших учебных заведений
_xОрганизация производства
_9909001
_3RU\NLR\auth\6611932
606 1 _aПромышленные предприятия
_jУчебники для высших учебных заведений
_xУправление
_91545107
_3RU\NLR\auth\66674279
686 _aУ30(2)-801я73
686 _aУ30(2)-212.1я73
701 1 _4070
_8rus
_7ca
_aТуровец
_bО. Г.
_gОскар Григорьевич
_cэкономист
_3RU\NLR\auth\7728793
_911824
701 1 _4070
_8rus
_7ca
_aПопов
_bВ. Н.
_cд-р экон. наук, организация производства
_f1939-2025
_gВладимир Николаевич
_3RU\NLR\auth\7760302
_943233
701 1 _4070
_8rus
_7ca
_aРодинов
_bВ. Б.
_gВладимир Борисович
_3RU\NLR\auth\7778765
_961693
801 0 _aRU
_bNLR
_c20090209
_gRCR
801 1 _aRU
_bNLR
_c20090209
942 _cBOOK
980 _aNB